00381nam a2200133Ia 4500008004000000020001800040082001800058100002300076245004500099250000500144260006200149300001500211650002100226210210b2002 xxu||||| |||| 00| 0 eng d a81 7366 395 5 a574.0285 TISB aTISDALL (James D). aBeginning perl for bioinformatics. Ed 1. a aMumbai.bShroff Publishers & Distributors Pvt Ltd.,c2002 axiii,368,7 aBioinformatics